Official Languages of Countries #21 - Statistics

General Stats
  • This quiz has been taken 24 times
  • The average score is 10 of 12
Answer Stats
Country Language % Correct
Czech Republic Czech
100%
Germany German
100%
Paraguay Spanish
100%
Morocco Arabic
96%
Lebanon Arabic
96%
Namibia English
96%
Saint Vincent and the Grenadines English
96%
Central African Republic French
88%
Democratic Republic of the Congo French
88%
Morocco Standard Moroccan Berber
46%
Paraguay Paraguayan Guaraní
38%
Central African Republic Sango
21%
No matching quizzes found
Score Distribution
Percent of People with Each Score
Percentile by Number Answered
Your Score History
You have not taken this quiz